000 00663nam a2200229 a 4500
001 000012949
003 DO-SdBNP
005 20240530073916.0
007 ta
008 091118s1991 dr 000 f spa d
040 _aDO-SdBNP
_bspa
_cBNPHU
082 4 _aRD863.44
_bR696e
_222
100 1 _aRodríguez, Danilo
_929850
245 1 0 _aElino el extraterrestre /
_cDanilo Rodríguez.
260 _aSanto Domingo :
_bSoto Castillo,
_c1991.
300 _a156 p. :
_bil. ;
_c21 cm.
590 _aInventariado, 2022/MFF
650 0 _aNovela dominicana
_9223
650 0 _aLiteratura dominicana.
_967
910 _aValidado. Control de calidad MFF
942 _2ddc
_cLBS1
999 _c12597
_d12597